Statistics for Countries Closest to Togo - One Minute Sprint

Click here to take the quiz!

General Stats

  • This quiz has been taken 32 times
  • The average score is 16 of 20

Answer Stats

kmcountrymiles% Correct
0Benin0
96%
0Burkina Faso0
96%
763Cameroon474
92%
1359Chad844
92%
393Mali244
92%
875Guinea543
88%
886Liberia551
88%
191Niger119
88%
101Nigeria63
85%
0Ghana0
77%
1160Sierra Leone721
77%
1355Congo842
73%
319Côte d'Ivoire198
73%
1044Gabon649
73%
1231Senegal765
73%
1395Central African Republic867
69%
801Equatorial Guinea498
69%
757Mauritania470
65%
803São Tomé and Príncipe499
58%
925Algeria575
54%

Score Distribution

Percentile by Number Answered

Percent of People with Each Score

Your Score History

You have not taken this quiz